| 000 | 00457nam a2200181Ia 4500 | ||
|---|---|---|---|
| 001 | 24434 | ||
| 005 | 20260414151043.0 | ||
| 008 | 260414t2016||||xx |||||||||||||| ||spa|| | ||
| 041 | _aESP | ||
| 082 |
_a345.7 _bM26A |
||
| 100 |
_aMartel Chang, Rolando Alfonzo _eAUT |
||
| 245 | 0 |
_aLos presupuestos procesales en el proceso civil _b |
|
| 260 | _c2016 | ||
| 300 |
_a161 páginas : _c25 cm. |
||
| 650 | _aDER | ||
| 654 | _aCDE | ||
| 942 |
_cLIB _dJUS _fJUS _2ddc _n |
||
| 999 |
_c24434 _d24434 |
||